[Event "AUS-ch U12"]
[Site "Adelaide"]
[Date "2003.01.21"]
[Round "9"]
[White "Waddington, Ryan"]
[Black "Illingworth, Max"]
[Result "0-1"]
[WhiteElo "744"]
[BlackElo "1295"]
[PlyCount "66"]
[EventDate "2003.01.??"]
[EventType "swiss"]
[EventRounds "11"]
[EventCountry "AUS"]
[SourceTitle "EXT 2006"]
[Source "ChessBase"]
[SourceDate "2005.11.24"]
[SourceVersion "1"]
[SourceVersionDate "2005.11.24"]
[SourceQuality "1"]

1. d4 Nf6 2. c4 g6 3. Nf3 Bg7 4. Nc3 d6 5. e3 0-0 6. Bd3 Nbd7 7. Bd2 c5 8. Qc2 cxd4 9. Nxd4 a6 10. Rc1 e5 11. Nb3 b6 12. a4 Bb7 13. f3 Nh5 14. e4 Qh4+ 15. Ke2 Nf4+ 16. Bxf4 exf4 17. Nd5 Bxd5 18. cxd5 Nc5 19. Nxc5 bxc5 20. b3 Bd4 21. Rcf1 Rfe8 22. Kd1 Re5 23. Kc1 g5 24. h3 Qg3 25. Qe2 Rb8 26. Bxa6 Rxb3 27. Bd3 f5 28. Bc2 Be3+ 29. Kd1 Ra3 30. Qa6 Ra1+ 31. Ke2 Qxg2+ 32. Kd3 fxe4+ 33. Kc4 Qe2+ 0-1

[Event "AUS-ch U12"]
[Site "Adelaide"]
[Date "2003.01.20"]
[Round "8"]
[White "Waddington, Ryan"]
[Black "Ly, Moulthun"]
[Result "0-1"]
[WhiteElo "744"]
[BlackElo "1173"]
[PlyCount "132"]
[EventDate "2003.01.??"]
[EventType "swiss"]
[EventRounds "11"]
[EventCountry "AUS"]
[SourceTitle "EXT 2006"]
[Source "ChessBase"]
[SourceDate "2005.11.24"]
[SourceVersion "1"]
[SourceVersionDate "2005.11.24"]
[SourceQuality "1"]

1. d4 Nf6 2. c4 e6 3. Nf3 Bb4+ 4. Bd2 Qe7 5. a3 Bxd2+ 6. Nbxd2 0-0 7. e4 d6 8. Bd3 e5 9. d5 Bg4 10. Qb3 Nbd7 11. Qc2 a5 12. 0-0 Nc5 13. Qb1 Rfe8 14. Ne1 Nfd7 15. f3 Qg5 16. fxg4 Qxd2 17. Qc2 Qe3+ 18. Qf2 Qxf2+ 19. Rxf2 Nf6 20. g5 Nfxe4 21. Bxe4 Nxe4 22. Rc2 Nxg5 23. c5 Rec8 24. Rac1 Ra6 25. cxd6 Rxd6 26. Rxc7 Rcd8 27. R7c5 b6 28. Rb5 g6 29. Rc6 Rxd5 30. Rxd5 Rxd5 31. Rxb6 Kf8 32. a4 Ke7 33. Rb5 Rxb5 34. axb5 Kd6 35. Nd3 e4 36. Nf4 Kc5 37. Kf2 Kxb5 38. Ke3 Kb4 39. h4 Ne6 40. Nd5+ Kb3 41. Kxe4 Kxb2 42. Nb6 Kb3 43. Ke5 Kb4 44. Kf6 Kb5 45. Nd5 Kc5 46. Nc3 Kc4 47. Nb1 a4 48. Kxf7 Nf4 49. g4 h5 50. gxh5 gxh5 51. Kf6 Kb3 52. Nd2+ Kc2 53. Nc4 Kc3 54. Na3 Kb3 55. Nb5 Nd5+ 56. Kg5 Nc3 57. Nd4+ Kb2 58. Nf3 a3 59. Ne1 a2 60. Nd3+ Kb1 61. Kxh5 a1Q 62. Kh6 Qa6+ 63. Kg7 Qxd3 64. h5 Qd7+ 65. Kh6 Qg4 66. Kh7 Qxh5+ 0-1

[Event "AUS-ch U12"]
[Site "Adelaide"]
[Date "2003.01.13"]
[Round "1"]
[White "Waddington, Ryan"]
[Black "Anderson, Daniel"]
[Result "0-1"]
[WhiteElo "744"]
[BlackElo "1467"]
[PlyCount "96"]
[EventDate "2003.01.??"]
[EventType "swiss"]
[EventRounds "11"]
[EventCountry "AUS"]
[SourceTitle "EXT 2006"]
[Source "ChessBase"]
[SourceDate "2005.11.24"]
[SourceVersion "1"]
[SourceVersionDate "2005.11.24"]
[SourceQuality "1"]

1. Nf3 Nf6 2. d4 d5 3. Bf4 g6 4. Nc3 Bg7 5. e3 c6 6. Be5 Nbd7 7. Bd3 Nxe5 8. Nxe5 Nd7 9. Nxd7 Bxd7 10. Ne2 Qc8 11. c3 0-0 12. 0-0 e5 13. Ng3 f5 14. f4 exf4 15. exf4 c5 16. dxc5 Qxc5+ 17. Kh1 Bc6 18. Qb3 Kh8 19. Rae1 Rae8 20. Rxe8 Rxe8 21. Qc2 d4 22. cxd4 Qxc2 23. Bxc2 Bxd4 24. b3 Bb5 25. Rd1 Be3 26. Re1 Bxf4 27. Rxe8+ Bxe8 28. Ne2 Be3 29. h3 Kg7 30. Nc3 Bc6 31. Kh2 Kf6 32. Nd1 Bd4 33. Kg3 g5 34. Kh2 h5 35. a3 h4 36. a4 Be4 37. Bxe4 fxe4 38. b4 e3 39. Nxe3 Bxe3 40. b5 Bf2 41. a5 Ke5 42. a6 bxa6 43. bxa6 Kd5 44. g3 hxg3+ 45. Kg2 Kc6 46. h4 gxh4 47. Kh3 Kb6 48. Kxh4 g2+ 0-1